Las explicaciones causales / (Record no. 118743)

MARC details
000 -LEADER
campo de control de longitud fija 00798nam a2200229 4500
001 - NÚMERO DE CONTROL
campo de control 118743
003 - IDENTIFICADOR DE NÚMERO DE CONTROL
campo de control ES-MaACL
005 - FECHA Y HORA DE LA ÚLTIMA TRANSACCIÓN
campo de control 20251015063122.0
007 - CAMPO FIJO DE DESCRIPCIÓN FÍSICA--INFORMACIÓN GENERAL
campo de control de longitud fija t|
008 - DATOS DE LONGITUD FIJA--INFORMACIÓN GENERAL
campo de control de longitud fija 070214s1973 sp r ||||1| spa d
100 1# - ENTRADA PRINCIPAL--NOMBRE DE PERSONA
Nombre de persona Piaget, Jean,
Fechas asociadas al nombre 1896-1980
9 (RLIN) 91738
245 14 - MENCIÓN DEL TÍTULO
Título Las explicaciones causales /
Mención de responsabilidad, etc. Jean Piaget ; con la colaboración de R. García ; [traducción de Elena R. Póliza ; revisión de: Horacio González Trejo].
250 ## - MENCION DE EDICION
Mención de edición 1ª ed.
260 ## - PUBLICACIÓN, DISTRIBUCIÓN, ETC.
Lugar de publicación, distribución, etc. Barcelona :
Nombre del editor, distribuidor, etc. Barral,
Fecha de publicación, distribución, etc. 1973.
300 ## - DESCRIPCIÓN FÍSICA
Extensión 233 p. ;
Dimensiones 20 cm.
490 1# - MENCIÓN DE SERIE
Mención de serie Breve biblioteca de respuesta ;
Designación de volumen o secuencia 64
700 1# - ENTRADA AGREGADA--NOMBRE PERSONAL
Nombre de persona Póliza, R.
9 (RLIN) 92836
700 1# - ENTRADA AGREGADA--NOMBRE PERSONAL
Nombre de persona González Trejo, Horacio.
9 (RLIN) 58988
830 0# - PUNTO DE ACCESO ADICIONAL DE SERIE-TÍTULO UNIFORME
Título uniforme Breve biblioteca de respuesta
Designación de volumen o secuencia 64
9 (RLIN) 183536
852 ## - LOCALIZACIÓN
Ubicación ES-MaACL
Número de control de estantería C-52570
Sublocalización o colección R.85466
Holdings
Estatus retirado Estado de pérdida Estado de daño No para préstamo Biblioteca de origen Biblioteca actual Ubicación en estantería Fecha de adquisición Fuente de adquisición Total de préstamos Signatura topográfica completa Código de barras Visto por última vez Precio de reemplazo Tipo de ítem Koha
        Biblioteca del Ateneo de Madrid Biblioteca del Ateneo de Madrid Depósito 2 17/01/2008     C-52570 1123787 23/02/2023 23/02/2023 Libro impreso